| 000 | 00366nam a2200145Ia 4500 | ||
|---|---|---|---|
| 008 | 230917s9999||||xx |||||||||||||| ||und|| | ||
| 040 |
_e195551 _aMAIN |
||
| 041 | _aEnglish | ||
| 082 | _a320.03 D26E | ||
| 100 | _aDas, Ajay | ||
| 245 | 0 | _aEncyclopaedia of Political Science. 5V | |
| 260 |
_aNew Delhi _bGlobal Publications _c2011 |
||
| 300 | _av. p. | ||
| 942 | _cBK | ||
| 999 |
_c159609 _d159609 |
||